UK Main Roads #1 - Statistics

General Stats
  • This quiz has been taken 70 times
  • The average score is 5 of 15
Answer Stats
Hint Answer % Correct
London-Edinburgh A1
100%
Penzance-Honiton A30
62%
Dunblane-Perth (Change to M90) A9
57%
Newcastle-Carlisle A69
55%
Exeter-Bodmin A38
45%
Perth-Fraserburgh A90
30%
Braintree-Marks Tey (Interchange with A12 A120
26%
Bournemouth-Salisbury A338
19%
Guisborough-Whitby A171
15%
Buxton-Lichfield A515
13%
Newcastle Kingston Park Roundabout-Otterburn(Junction with A68, continues for A68) A696
13%
Keswick- South Kendall A591
11%
Skipton-Sheffield A629
9%
Andover-Newbury A343
8%
Cross Green-Hadleigh A1141
0%
No matching quizzes found
Score Distribution
Percent of People with Each Score
Percentile by Number Answered
Your Score History
You have not taken this quiz